[Event "Malyszko mem corr"]
[Site "Poland"]
[Date "1992.??.??"]
[Round "?"]
[White "Kozun, Piotr"]
[Black "Hoffmann, Piotr"]
[Result "1/2-1/2"]
[WhiteElo "1800"]
[BlackElo "2000"]
[PlyCount "96"]
[EventDate "1992.??.??"]
[EventType "tourn (corr)"]
[EventRounds "6"]
[EventCountry "POL"]
[SourceTitle "Corr 2006"]
[Source "ChessBase"]
[SourceDate "2006.04.01"]
[SourceVersion "3"]
[SourceVersionDate "2006.04.01"]
[SourceQuality "1"]

1. b4 d5 2. Bb2 Qd6 3. a3 e5 4. e3 Be6 5. Nf3 f6 6. d4 e4 7. Nfd2 Be7 8. c4 c6 9. Nc3 a6 10. Na4 Nd7 11. Nc5 Nxc5 12. dxc5 Qd7 13. cxd5 Bxd5 14. Bc4 Qf5 15. Qc2 Nh6 16. Bxd5 cxd5 17. c6 bxc6 18. Qxc6+ Kf7 19. Bd4 Rhc8 20. Qb7 Rcb8 21. Qc6 Rc8 22. Qa4 Qe6 23. Nb3 Qc6 24. Qxc6 Rxc6 25. Bc5 Ng4 26. Bxe7 Kxe7 27. Nc5 Ne5 28. Kd2 Rac8 29. Rhc1 Nc4+ 30. Kc3 Ne5 31. Kd4 Ng4 32. Rc2 Rd6 33. a4 Ne5 34. Rac1 Nc6+ 35. Kc3 a5 36. bxa5 Nxa5 37. Kb4 Nc4 38. a5 Rdc6 39. Nb3 Nxa5 40. Rxc6 Nxc6+ 41. Kc5 Na5+ 42. Kb5 Nc4 43. Kb4 Kd6 44. Nd4 Ke5 45. Rc2 f5 46. g3 g5 47. Ne2 Rb8+ 48. Kc3 Na3 1/2-1/2

[Event "Malyszko mem corr"]
[Site "Poland"]
[Date "1992.??.??"]
[Round "?"]
[White "Kozun, Piotr"]
[Black "Maciejewski, Roman"]
[Result "1-0"]
[WhiteElo "1800"]
[BlackElo "2200"]
[PlyCount "73"]
[EventDate "1992.??.??"]
[EventType "tourn (corr)"]
[EventRounds "6"]
[EventCountry "POL"]
[SourceTitle "Corr 2006"]
[Source "ChessBase"]
[SourceDate "2006.04.01"]
[SourceVersion "3"]
[SourceVersionDate "2006.04.01"]
[SourceQuality "1"]

1. b4 f5 2. Bb2 Nf6 3. c4 e6 4. Qb3 b6 5. Nf3 Bb7 6. g3 Nc6 7. a3 Be7 8. Bg2 0-0 9. 0-0 d6 10. Nc3 Qe8 11. d4 Qh5 12. d5 exd5 13. Nxd5 Nxd5 14. cxd5 Nd8 15. Rac1 Rc8 16. Nd4 a6 17. Rc2 Bf6 18. Ne6 Rf7 19. Bxf6 gxf6 20. Rfc1 Re7 21. Nxd8 Rxd8 22. Rxc7 Qxe2 23. Qc3 Rxc7 24. Qxc7 Rc8 25. Qxc8+ Bxc8 26. Rxc8+ Kg7 27. Rc6 Qd1+ 28. Bf1 Qxd5 29. Rxb6 a5 30. Rb5 Qb3 31. bxa5 Qxa3 32. Rb7+ Kg6 33. a6 d5 34. a7 f4 35. gxf4 Kf5 36. Rxh7 Kxf4 37. h4 1-0

[Event "Malyszko mem corr"]
[Site "Poland"]
[Date "1992.??.??"]
[Round "?"]
[White "Rosikiewicz, Wieslaw"]
[Black "Kozun, Piotr"]
[Result "0-1"]
[WhiteElo "1800"]
[BlackElo "1800"]
[PlyCount "46"]
[EventDate "1992.??.??"]
[EventType "tourn (corr)"]
[EventRounds "6"]
[EventCountry "POL"]
[SourceTitle "Corr 2006"]
[Source "ChessBase"]
[SourceDate "2006.04.01"]
[SourceVersion "3"]
[SourceVersionDate "2006.04.01"]
[SourceQuality "1"]

1. b4 e5 2. Bb2 Bxb4 3. Bxe5 Nf6 4. c4 0-0 5. Qb3 Ba5 6. f3 c5 7. Bd6 Re8 8. Bxc5 Qc7 9. Ba3 Nc6 10. Bb2 Ne5 11. e3 d6 12. Be2 Be6 13. Na3 Rac8 14. Nb5 Qd7 15. Rc1 a6 16. Nd4 b5 17. Nxe6 Qxe6 18. Qa3 Nc6 19. cxb5 axb5 20. Bxb5 Qd5 21. Bc3 Qxb5 22. Ne2 Bxc3 23. Rxc3 Nb4 0-1